• 首页
  • 本馆介绍
  • 公告通知
  • 最新文献
  • 馆藏检索
  • 电子资源
  • 读者导购
  • 参考咨询
  • 我的图书馆
  • 登录
  • 详细信息显示
  • 放入我的书架
  • 预约/预借图书
  • 作者相关作品
  • 分类相关作品
  • 丛书相关作品
  • 出版社相关作品

书目信息

  • 表格格式
  • 工作单格式
  • 卡片格式
题名:
国家税收
    
 
作者: 国家税收教材编写组编著
分册:  
出版信息: 北京   中国财政经济出版社  1979
页数: 234页
开本: 19cm
丛书名:
单 册:
中图分类: F812.42
科图分类:
主题词: 财政
电子资源:
ISBN:
000 00583nam0 2200205 45
001 0304141699
005 20031219104109.2
010    @dCNY0.95
091    @a4166.136
100    @a20030414d1979 km y0chiy0120 ea
101 0  @achi
105    @a z 000yy
200 1  @a国家税收@AGuo Jia Shui Shou@f国家税收教材编写组编著@FGuo Jia Shui Shou Jiao Cai Bian Xie Zu Bian Zhu
210    @a北京@c中国财政经济出版社@d1979
215    @a234页@d19cm
606 0  @a财政
690    @aF812.42@v3
710 02 @a国家税收教材编写组@4编著
801    @aCN@bTSTC@c20030414
905    @f1@b24759@dF812.42@e2
    
    国家税收/国家税收教材编写组编著.-北京:中国财政经济出版社,1979
    234页;19cm
    
    
    ISBN :CNY0.95
    
●
相关链接 在E读中查询图书 在五车中查询图书 在当当中查询图书 在豆瓣中查询图书


正题名:国家税收     索取号:F812.42/2         预约/预借

序号 登录号 条形码 馆藏地/架位号 状态 备注
1 0024759   001793018   密集书库/ [索取号:F812.42/2] 在馆    
唐山师范学院图书馆 欢迎您!
大连网信软件有限公司© 版权所有